Core Pathology (Record no. 4041)
[ view plain ]
| 000 -LEADER | |
|---|---|
| fixed length control field | 00526nam a22002057a 4500 |
| 003 - CONTROL NUMBER IDENTIFIER | |
| control field | OSt |
| 005 - DATE AND TIME OF LATEST TRANSACTION | |
| control field | 20231020134103.0 |
| 008 - FIXED-LENGTH DATA ELEMENTS--GENERAL INFORMATION | |
| fixed length control field | 160513b xxu||||| |||| 00| 0 eng d |
| 020 ## - INTERNATIONAL STANDARD BOOK NUMBER | |
| International Standard Book Number | 9780723434443 |
| 040 ## - CATALOGING SOURCE | |
| Transcribing agency | 040a |
| 082 ## - DEWEY DECIMAL CLASSIFICATION NUMBER | |
| Classification number | QZ 4 C813a 2009 |
| 100 ## - MAIN ENTRY--PERSONAL NAME | |
| Personal name | Stevens, Alan; Lowe, James; Scott, Ian |
| 9 (RLIN) | 16801 |
| 245 ## - TITLE STATEMENT | |
| Title | Core Pathology |
| 250 ## - EDITION STATEMENT | |
| Edition statement | 3rd.ed |
| 260 ## - PUBLICATION, DISTRIBUTION, ETC. (IMPRINT) | |
| Place of publication, distribution, etc. | Nottingham; |
| Name of publisher, distributor, etc. | Mosby, |
| Date of publication, distribution, etc. | 2009 |
| 300 ## - PHYSICAL DESCRIPTION | |
| Extent | xii, 632; |
| Other physical details | col.ill : |
| Dimensions | 24 cm. |
| 504 ## - BIBLIOGRAPHY, ETC. NOTE | |
| Bibliography, etc | Includes index |
| 650 ## - SUBJECT ADDED ENTRY--TOPICAL TERM | |
| Topical term or geographic name as entry element | Pathology |
| 9 (RLIN) | 37 |
| 942 ## - ADDED ENTRY ELEMENTS (KOHA) | |
| Source of classification or shelving scheme | Dewey Decimal Classification |
| Koha item type | Short Loan |
| Withdrawn status | Lost status | Source of classification or shelving scheme | Damaged status | Not for loan | Home library | Current library | Date acquired | Source of acquisition | Inventory number | Total Checkouts | Full call number | Barcode | Date last seen | Koha item type | Total Renewals | Date last checked out |
|---|---|---|---|---|---|---|---|---|---|---|---|---|---|---|---|---|
| Dewey Decimal Classification | MUST Main Library | MUST Main Library | 13/05/2016 | Purchase | 10/32339 | QZ 4 C813a 2009 | 2016-1907 | 13/05/2016 | Short Loan | |||||||
| Other/Generic Classification Scheme | MUST Main Library | MUST Main Library | 30/08/2022 | Donation | 11/34825 | 3 | QZ 4 C813a 2009 | 2022-7965 | 01/10/2024 | Open Shelf | 2 | 12/09/2024 |
